<?xml version="1.0" encoding="UTF-8"?>
<collection xmlns="http://www.loc.gov/MARC21/slim">
    <record>
        <controlfield tag="001">100597</controlfield>
        <controlfield tag="005">20210312141228.0</controlfield>
        <datafield tag="037" ind1=" " ind2=" ">
            <subfield code="a">CALTITU_INFCALDOCT-2019</subfield>
        </datafield>
        <datafield tag="041" ind1=" " ind2=" ">
            <subfield code="a">spa</subfield>
        </datafield>
        <datafield tag="245" ind1="0" ind2="0">
            <subfield code="a">Informe de la calidad de los Estudios de Doctorado curso 2018/2019</subfield>
        </datafield>
        <datafield tag="260" ind1=" " ind2=" ">
            <subfield code="a">Zaragoza</subfield>
            <subfield code="b">Universidad de Zaragoza</subfield>
            <subfield code="c">2018-2019</subfield>
        </datafield>
        <datafield tag="540" ind1=" " ind2=" ">
            <subfield code="a">by-nc-sa</subfield>
            <subfield code="b">Creative Commons</subfield>
            <subfield code="c">3.0</subfield>
            <subfield code="u">http://creativecommons.org/licenses/by-nc-sa/3.0/</subfield>
        </datafield>
        <datafield tag="710" ind1=" " ind2=" ">
            <subfield code="a">Universidad de Zaragoza</subfield>
        </datafield>
        <datafield tag="856" ind1="4" ind2=" ">
            <subfield code="s">593496</subfield>
            <subfield code="u">http://zaguan.unizar.es/record/100597/files/iced-es-v1.pdf</subfield>
            <subfield code="y">Informe de la calidad de los Estudios de Doctorado curso 2018/2019</subfield>
        </datafield>
        <datafield tag="970" ind1=" " ind2=" ">
            <subfield code="a">CALTITU_INFCALDOCT-2019</subfield>
        </datafield>
        <datafield tag="980" ind1=" " ind2=" ">
            <subfield code="a">CALTITU_INFCALDOCT</subfield>
        </datafield>
    </record>

    
</collection>